000 00651nam a2200265Ia 4500
003 OSt
005 20221006150155.0
006 a|||||r|||| 00| 0
007 ta
008 221006b |||||||| |||| 00| 0 jpn d
020 _c¥1700
024 _a17,408
037 _cTextual
040 _aEASL
_cEASL
_bjpn
041 _2jpn
_ajpn
082 _aO42,1xK44, M4
100 _aIMOTO Noichi Ed.
_9656072
245 0 _aBasho kushu
260 _aTokyo
_bShogakkan Japan
_c1984
300 _a382p.
_ccm.
490 _v JL
650 _aJL
942 _hO42,1xK44, M4
_cTEXL
_2CC
999 _c1085494
_d1085494